[Event "Baden-Baden op"]
[Site "Baden-Baden"]
[Date "2024.02.11"]
[Round "5"]
[White "Petersen, Henrik1"]
[Black "Ehmann, Thilo"]
[Result "0-1"]
[WhiteElo "2157"]
[BlackElo "2366"]
[PlyCount "68"]
[EventDate "2024.02.09"]
[EventType "swiss"]
[EventRounds "9"]
[EventCountry "GER"]
[SourceTitle "CB08_2024"]
[SourceDate "2024.02.21"]
[SourceVersion "1"]
[SourceVersionDate "2024.02.21"]
[SourceQuality "1"]

1. e4 c5 2. c3 Qa5 3. g3 h5 4. h3 g6 5. Bg2 Bg7 6. Ne2 e5 7. 0-0 Nc6 8. d4 cxd4 9. cxd4 exd4 10. Na3 d6 11. Bf4 Be6 12. Qd3 Rd8 13. Bd2 Qb6 14. f4 f5 15. Rae1 Nge7 16. Kh2 0-0 17. b3 fxe4 18. Bxe4 Rf6 19. Nc4 Qc5 20. f5 Rxf5 21. Nf4 Rxf4 22. Bxf4 d5 23. Bd6 Rxd6 24. Nxd6 Qxd6 25. Bxg6 Ne5 26. Bh7+ Kh8 27. Qc2 h4 28. Rf4 Bh6 29. Rxh4 Nf3+ 30. Kh1 Qxg3 31. Rxh6 Qxe1+ 32. Kg2 Qg1+ 33. Kxf3 Qe3+ 34. Kg2 Qxh6 0-1

[Event "Staufer op 34th"]
[Site "Schwaebisch Gmuend"]
[Date "2024.01.04"]
[Round "5"]
[White "Ehmann, Thilo"]
[Black "Walter, Andreas"]
[Result "1-0"]
[WhiteElo "2369"]
[BlackElo "2165"]
[PlyCount "83"]
[EventDate "2024.01.02"]
[EventType "swiss"]
[EventRounds "9"]
[EventCountry "GER"]
[SourceTitle "CB02_2024"]
[SourceDate "2024.01.10"]
[SourceVersion "1"]
[SourceVersionDate "2024.01.10"]
[SourceQuality "1"]

1. e4 e6 2. d4 d5 3. Nc3 Nf6 4. Bg5 dxe4 5. Nxe4 Nbd7 6. Qf3 Be7 7. 0-0-0 Nxe4 8. Bxe7 Qxe7 9. Qxe4 c5 10. Nf3 cxd4 11. Rxd4 0-0 12. Bc4 Rb8 13. Re1 b5 14. Bd3 g6 15. Qf4 Qf6 16. Qc7 Rb7 17. Qa5 Qd8 18. Qd2 Qf6 19. h4 Nc5 20. Bf1 a6 21. Ne5 Rc7 22. h5 Bb7 23. hxg6 hxg6 24. Ng4 Qe7 25. Qh6 Rfc8 26. Rf4 f5 27. Qxg6+ Qg7 28. Qxg7+ Kxg7 29. Ne3 Na4 30. g4 fxg4 31. Rxg4+ Kf6 32. Bg2 Nc5 33. Bxb7 Rxb7 34. Kb1 Rf7 35. f4 Rh8 36. f5 Rg7 37. fxe6 Nxe6 38. Nd5+ Kf5 39. Rge4 Nc7 40. Rf4+ Kg6 41. Rg1+ Kh7 42. Nf6+ 1-0

[Event "GER-ch Rapid 49th"]
[Site "Dinkelsbuehl"]
[Date "2023.11.12"]
[Round "7"]
[White "Ehmann, Thilo"]
[Black "Kolb, Tobias"]
[Result "1-0"]
[WhiteElo "2376"]
[BlackElo "2315"]
[PlyCount "117"]
[EventDate "2023.11.11"]
[EventType "swiss (rapid)"]
[EventRounds "9"]
[EventCountry "GER"]
[SourceTitle "CB46_2023"]
[SourceDate "2023.11.15"]
[SourceVersion "1"]
[SourceVersionDate "2023.11.15"]
[SourceQuality "1"]

1. e4 c6 2. d3 d5 3. Nd2 e5 4. Ngf3 Bd6 5. g3 Nf6 6. Bg2 0-0 7. 0-0 Re8 8. b3 a5 9. a3 Nbd7 10. Bb2 b6 11. Re1 Bb7 12. Nh4 Qc7 13. Nf5 Bf8 14. Qf3 g6 15. Nh4 Bh6 16. Qe2 Rad8 17. Rad1 Ba6 18. Nhf3 d4 19. Nf1 a4 20. b4 c5 21. c4 b5 22. N3d2 Nb6 23. Rc1 Nfd7 24. Bh3 Qd6 25. Bxd7 Nxd7 26. cxb5 Bxb5 27. Nc4 Qa6 28. Rc2 Rc8 29. Bc1 Bf8 30. Bd2 cxb4 31. Bxb4 Nc5 32. Nfd2 Nb3 33. Bxf8 Rxf8 34. Rb1 Nxd2 35. Qxd2 Bxc4 36. dxc4 Rxc4 37. Qd3 Rc6 38. Qxa6 Rxa6 39. Rb5 f6 40. Rc4 Rf7 41. Kf1 Rd7 42. Ke2 Kf7 43. Kd3 g5 44. Rbb4 Rda7 45. h3 h5 46. g4 hxg4 47. hxg4 Ke6 48. f3 Kd6 49. Ke2 Rh7 50. Rxa4 Rh2+ 51. Ke1 Rxa4 52. Rxa4 Kc5 53. Kf1 Ra2 54. Ke1 Kb5 55. Rb4+ Ka5 56. Rb8 Rxa3 57. Ke2 Ra2+ 58. Ke1 d3 59. Ra8+ 1-0

[Event "GER-ch 94th"]
[Site "Ostfildern"]
[Date "2023.08.17"]
[Round "5"]
[White "Ehmann, Thilo"]
[Black "Tschernatsch, Johannes"]
[Result "0-1"]
[WhiteElo "2402"]
[BlackElo "2319"]
[PlyCount "82"]
[EventDate "2023.08.14"]
[EventType "swiss"]
[EventRounds "9"]
[EventCountry "GER"]
[SourceTitle "CBM 215 Extra"]
[Source "ChessBase"]
[SourceDate "2023.09.30"]
[SourceVersion "1"]
[SourceVersionDate "2023.09.30"]
[SourceQuality "1"]

1. e4 c5 2. Nf3 d6 3. d4 cxd4 4. Nxd4 Nf6 5. Nc3 a6 6. f3 e5 7. Nb3 Be6 8. Be3 Be7 9. Qd2 h5 10. Nd5 Nxd5 11. exd5 Bf5 12. Be2 Bh4+ 13. g3 Be7 14. c4 a5 15. Rc1 Nd7 16. 0-0 0-0 17. f4 Bh3 18. Rfe1 a4 19. Na1 exf4 20. Bxf4 Qb6+ 21. Kh1 Bf6 22. Bxh5 Bxb2 23. Rb1 a3 24. Nc2 Bf5 25. Rbd1 Rae8 26. Bf3 Nf6 27. Qg2 Ng4 28. Rf1 Qc5 29. h3 Ne5 30. Ne3 Bd3 31. Rxd3 Nxd3 32. Nf5 Ne5 33. Be4 Nxc4 34. Qf3 g6 35. Bh6 Ne5 36. Qf4 gxf5 37. Bxf5 Ng6 38. Qg4 Qxd5+ 39. Kh2 Bg7 40. Bxg6 fxg6 41. Rxf8+ Rxf8 0-1

[Event "GER-ch Blitz"]
[Site "Viernheim"]
[Date "2023.07.15"]
[Round "11"]
[White "Ehmann, Thilo"]
[Black "Bluebaum, Matthias"]
[Result "0-1"]
[WhiteElo "2402"]
[BlackElo "2672"]
[PlyCount "84"]
[EventDate "2023.07.15"]
[EventType "tourn (blitz)"]
[EventRounds "29"]
[EventCountry "GER"]
[SourceTitle "CBM 215 Extra"]
[Source "ChessBase"]
[SourceDate "2023.09.30"]
[SourceVersion "1"]
[SourceVersionDate "2023.09.30"]
[SourceQuality "1"]

1. g3 d5 2. Bg2 Nf6 3. b3 e6 4. Bb2 Bd6 5. Nf3 0-0 6. 0-0 Nc6 7. d3 e5 8. Nbd2 a5 9. a3 h6 10. e4 dxe4 11. dxe4 Be6 12. Qe2 Qe7 13. Nc4 Nd7 14. Ne3 Rfd8 15. Nf5 Bxf5 16. exf5 Nf6 17. Rfe1 Re8 18. Nd2 Bc5 19. c3 Rad8 20. b4 axb4 21. axb4 Bb6 22. Ne4 Nxe4 23. Bxe4 Qf6 24. Bc1 Ne7 25. Qf3 c6 26. Be3 Bxe3 27. Rxe3 Nd5 28. Rd3 Qe7 29. Bxd5 cxd5 30. Rxd5 e4 31. Qd1 e3 32. Rxd8 Rxd8 33. Qf3 e2 34. Re1 Re8 35. h4 Qe5 36. Qd3 b5 37. Qf3 Qd6 38. Kg2 Qd2 39. Ra1 e1Q 40. Rxe1 Qxe1 41. f6 Qe4 42. fxg7 Kxg7 0-1

[Event "GER-ch Blitz"]
[Site "Viernheim"]
[Date "2023.07.15"]
[Round "2"]
[White "Ehmann, Thilo"]
[Black "Dobrikov, Marco"]
[Result "0-1"]
[WhiteElo "2402"]
[BlackElo "2269"]
[PlyCount "66"]
[EventDate "2023.07.15"]
[EventType "tourn (blitz)"]
[EventRounds "29"]
[EventCountry "GER"]
[SourceTitle "CBM 215 Extra"]
[Source "ChessBase"]
[SourceDate "2023.09.30"]
[SourceVersion "1"]
[SourceVersionDate "2023.09.30"]
[SourceQuality "1"]

1. d4 Nf6 2. Nf3 e6 3. c4 b6 4. g3 Ba6 5. Qa4 Bb7 6. Bg2 c5 7. 0-0 Be7 8. Nc3 cxd4 9. Nxd4 Bxg2 10. Kxg2 a6 11. Rd1 0-0 12. Bg5 Qc7 13. Ne4 Qb7 14. f3 Nxe4 15. Bxe7 Re8 16. Ba3 Nc5 17. Qc2 d6 18. Rd2 b5 19. cxb5 axb5 20. Bxc5 Rc8 21. Nb3 dxc5 22. Qxc5 Nd7 23. Qe7 Rc7 24. Rad1 Nf8 25. Qb4 Rc4 26. Na5 Rxb4 27. Nxb7 Rxa2 28. Kf2 g5 29. Rd8 Rbxb2 30. Re1 Kg7 31. Nd6 Ng6 32. Rb8 Ne5 33. Kf1 b4 0-1

[Event "GER-ch Blitz"]
[Site "Viernheim"]
[Date "2023.07.15"]
[Round "23"]
[White "Ehmann, Thilo"]
[Black "Heinrich, Thomas"]
[Result "1-0"]
[WhiteElo "2402"]
[BlackElo "2203"]
[PlyCount "107"]
[EventDate "2023.07.15"]
[EventType "tourn (blitz)"]
[EventRounds "29"]
[EventCountry "GER"]
[SourceTitle "CBM 215 Extra"]
[Source "ChessBase"]
[SourceDate "2023.09.30"]
[SourceVersion "1"]
[SourceVersionDate "2023.09.30"]
[SourceQuality "1"]

1. g3 d5 2. Bg2 c6 3. b3 Bg4 4. Bb2 e6 5. Nf3 Nf6 6. 0-0 Nbd7 7. d3 Bc5 8. Nbd2 0-0 9. h3 Bh5 10. a3 a5 11. e4 Qe7 12. Qe2 Rfd8 13. e5 Ne8 14. Qe1 b5 15. Kh2 Nc7 16. Nd4 Ra6 17. f4 Bxd4 18. Bxd4 f5 19. exf6 Nxf6 20. Qe3 Nd7 21. g4 Bf7 22. Bb2 c5 23. d4 c4 24. Rae1 Qd6 25. Kh1 Nb6 26. Nf3 b4 27. a4 Rf8 28. Qe5 Qd8 29. Bc1 Bg6 30. Rf2 Be4 31. Ng5 Nd7 32. Bxe4 Nxe5 33. Bxh7+ Kh8 34. Rxe5 Qf6 35. h4 g6 36. Rh2 Kg7 37. h5 gxh5 38. Rxh5 Rh8 39. f5 cxb3 40. cxb3 Rc6 41. Bf4 Kf8 42. fxe6 Rc1+ 43. Bxc1 Qf1+ 44. Kh2 Qxc1 45. e7+ Ke8 46. Bg6+ Kd7 47. Rxh8 Qd2+ 48. Kh3 Qxd4 49. e8Q+ Nxe8 50. Rhxe8 Qd2 51. Bf5+ Kd6 52. R5e6+ Kc5 53. Rc8+ Kd4 54. Nf3# 1-0

[Event "GER-ch Blitz"]
[Site "Viernheim"]
[Date "2023.07.15"]
[Round "7"]
[White "Ehmann, Thilo"]
[Black "Schulze, Marc Andre"]
[Result "1/2-1/2"]
[WhiteElo "2402"]
[BlackElo "2170"]
[PlyCount "100"]
[EventDate "2023.07.15"]
[EventType "tourn (blitz)"]
[EventRounds "29"]
[EventCountry "GER"]
[SourceTitle "CBM 215 Extra"]
[Source "ChessBase"]
[SourceDate "2023.09.30"]
[SourceVersion "1"]
[SourceVersionDate "2023.09.30"]
[SourceQuality "1"]

1. g3 g6 2. Bg2 Bg7 3. Nf3 c5 4. 0-0 Nc6 5. e4 e5 6. d3 Nge7 7. Nc3 0-0 8. Nd2 d6 9. Nc4 Be6 10. Ne3 Qd7 11. Ned5 Bh3 12. Be3 Bxg2 13. Kxg2 Nxd5 14. Nxd5 Ne7 15. Nxe7+ Qxe7 16. c3 Rad8 17. Qb3 b6 18. Rae1 Qd7 19. Qd5 Qe6 20. Qxe6 fxe6 21. c4 d5 22. Re2 Rd7 23. Bd2 Rb8 24. Bc3 d4 25. Bd2 b5 26. cxb5 Rxb5 27. b3 a5 28. Rc1 Bf8 29. Rc4 Ra7 30. Ra4 Kf7 31. Be1 Be7 32. Rc2 Ke8 33. Bd2 Kd7 34. Rac4 Rb8 35. f4 exf4 36. Bxf4 Rb4 37. Bd2 Rxc4 38. Rxc4 e5 39. Kf3 Kc6 40. Ke2 Kb5 41. a4+ Kc6 42. Rc1 Rb7 43. Rb1 Bd8 44. g4 Rf7 45. h3 Bh4 46. Rf1 Rxf1 47. Kxf1 Bd8 48. Ke2 g5 49. h4 h6 50. h5 Bc7 1/2-1/2

[Event "GER-ch Blitz"]
[Site "Viernheim"]
[Date "2023.07.15"]
[Round "14"]
[White "Karsay, Pascal"]
[Black "Ehmann, Thilo"]
[Result "1-0"]
[WhiteElo "2319"]
[BlackElo "2402"]
[PlyCount "67"]
[EventDate "2023.07.15"]
[EventType "tourn (blitz)"]
[EventRounds "29"]
[EventCountry "GER"]
[SourceTitle "CBM 215 Extra"]
[Source "ChessBase"]
[SourceDate "2023.09.30"]
[SourceVersion "1"]
[SourceVersionDate "2023.09.30"]
[SourceQuality "1"]

1. Nf3 c6 2. c4 d6 3. d4 Nf6 4. Nc3 g6 5. g3 Bg7 6. Bg2 0-0 7. e4 Bg4 8. h3 Bxf3 9. Bxf3 Nbd7 10. 0-0 e5 11. d5 Qc7 12. Be3 a5 13. Rc1 Nc5 14. Qd2 Rfe8 15. Rfd1 Bf8 16. Qc2 h5 17. Na4 Nxa4 18. Qxa4 Nd7 19. Qc2 Nc5 20. b3 Be7 21. Kg2 h4 22. Bg4 Rad8 23. a3 a4 24. b4 Nb3 25. Rb1 Ra8 26. c5 cxd5 27. Rxd5 dxc5 28. bxc5 b6 29. c6 Bxa3 30. Rd7 Qc8 31. Qc4 Rf8 32. Rxf7 Rxf7 33. Bxc8 Rxc8 34. Qxa4 1-0

[Event "Neckar op 20th"]
[Site "Deizisau"]
[Date "2023.04.09"]
[Round "6"]
[White "Ehmann, Thilo"]
[Black "Lehmann, Stefan1111"]
[Result "1/2-1/2"]
[WhiteElo "2429"]
[BlackElo "2056"]
[PlyCount "93"]
[EventDate "2023.04.06"]
[EventType "swiss"]
[EventRounds "9"]
[EventCountry "GER"]
[SourceTitle "CBM 213 Extra"]
[Source "ChessBase"]
[SourceDate "2023.05.31"]
[SourceVersion "1"]
[SourceVersionDate "2023.05.31"]
[SourceQuality "1"]

1. e4 e5 2. Nf3 Nc6 3. Bb5 f5 4. Nc3 fxe4 5. Nxe4 Nf6 6. Nxf6+ Qxf6 7. Qe2 Be7 8. Bxc6 bxc6 9. d4 Qg6 10. 0-0 d6 11. dxe5 0-0 12. Ne1 a5 13. Nd3 Ba6 14. Re1 c5 15. Qe4 Qxe4 16. Rxe4 d5 17. Re1 g5 18. f3 Rf5 19. Nf2 Kg7 20. Bd2 a4 21. Ng4 d4 22. e6 Bd6 23. h4 h5 24. Nf2 gxh4 25. Re4 Re8 26. c3 Bb7 27. Rxh4 Bg3 28. Rh3 Bxf2+ 29. Kxf2 Rxe6 30. Re1 Rxe1 31. Kxe1 Bd5 32. Rh4 Re5+ 33. Kd1 Bxa2 34. cxd4 cxd4 35. Rxd4 Bb3+ 36. Kc1 Re2 37. g4 hxg4 38. Rxg4+ Kf7 39. f4 Rf2 40. Rg1 Ke6 41. Re1+ Kf7 42. Be3 Rc2+ 43. Kb1 Rh2 44. Rc1 Ke6 45. Rxc7 Rh1+ 46. Rc1 Rxc1+ 47. Kxc1 1/2-1/2

[Event "Verbandsliga Suedbaden 2223"]
[Site "Germany"]
[Date "2023.01.22"]
[Round "5.1"]
[White "Scherer, Helmut"]
[Black "Ehmann, Thilo"]
[Result "0-1"]
[WhiteElo "2266"]
[BlackElo "2434"]
[PlyCount "86"]
[EventDate "2022.09.25"]
[EventType "team-tourn"]
[EventRounds "9"]
[EventCountry "GER"]
[SourceTitle "EXT 2024"]
[Source "ChessBase"]
[SourceDate "2023.10.10"]
[SourceVersion "1"]
[SourceVersionDate "2023.10.10"]
[SourceQuality "1"]
[WhiteTeam "Zaehringen"]
[BlackTeam "Kuppenheim"]
[WhiteTeamCountry "GER"]
[BlackTeamCountry "GER"]

1. e4 c5 2. Nf3 d6 3. Bb5+ Nd7 4. d4 cxd4 5. Qxd4 a6 6. Bxd7+ Bxd7 7. Bg5 Qa5+ 8. Nc3 e5 9. Qd3 h6 10. Bd2 Rc8 11. 0-0 Qc7 12. Rac1 Nf6 13. Rfe1 Be7 14. Nh4 g6 15. g3 b5 16. a3 Qc4 17. Ng2 Be6 18. Ne3 Qxd3 19. cxd3 Kd7 20. f4 h5 21. f5 gxf5 22. Nxf5 Bxf5 23. exf5 Rcg8 24. Re2 h4 25. Rg2 Bd8 26. gxh4 Rxg2+ 27. Kxg2 Rxh4 28. Rf1 Rd4 29. Rf3 e4 30. Rg3 exd3 31. Be3 Rc4 32. Bc1 Rc5 33. Rxd3 Rxf5 34. h3 Ke6 35. Be3 Nd5 36. Bd2 Nxc3 37. Bxc3 Bf6 38. Bxf6 Rxf6 39. Kg3 Ke5 40. h4 Ke4 41. Rd2 d5 42. h5 d4 43. Kg4 Ke3 0-1

[Event "Verbandsliga Suedbaden 2223"]
[Site "Germany"]
[Date "2022.12.04"]
[Round "4.1"]
[White "Ehmann, Thilo"]
[Black "Schlindwein, Rolf"]
[Result "1-0"]
[WhiteElo "2434"]
[BlackElo "2379"]
[PlyCount "83"]
[EventDate "2022.09.25"]
[EventType "team-tourn"]
[EventRounds "9"]
[EventCountry "GER"]
[SourceTitle "EXT 2024"]
[Source "ChessBase"]
[SourceDate "2023.10.10"]
[SourceVersion "1"]
[SourceVersionDate "2023.10.10"]
[SourceQuality "1"]
[WhiteTeam "Kuppenheim"]
[BlackTeam "Baden-Baden IV"]
[WhiteTeamCountry "GER"]
[BlackTeamCountry "GER"]

1. e4 Nf6 2. e5 Nd5 3. c4 Nb6 4. d4 d6 5. exd6 cxd6 6. Nf3 g6 7. Be2 Bg7 8. h3 0-0 9. 0-0 Nc6 10. Nc3 h6 11. Be3 f5 12. Qd2 g5 13. d5 Ne5 14. Nxe5 dxe5 15. f3 Nd7 16. c5 Nf6 17. Bc4 f4 18. Bf2 b5 19. Bxb5 h5 20. Rfe1 Nh7 21. d6 Be6 22. d7 g4 23. hxg4 hxg4 24. fxg4 Qb8 25. Bc6 Nf6 26. g5 Ng4 27. Bd5 Bxd5 28. Qxd5+ Kh7 29. Qd3+ Kg8 30. Re2 e4 31. Nxe4 f3 32. Bg3 Be5 33. gxf3 Bxg3 34. fxg4 Be5 35. Qb3+ Qxb3 36. axb3 Rfb8 37. Rd1 Bc7 38. Nc3 Bd8 39. Nd5 Rb5 40. Nxe7+ Kf7 41. Rf1+ Kg7 42. g6 1-0

[Event "Verbandsliga Suedbaden 2223"]
[Site "Germany"]
[Date "2022.09.25"]
[Round "1.1"]
[White "Sokolov, Andrei"]
[Black "Ehmann, Thilo"]
[Result "0-1"]
[WhiteElo "2461"]
[BlackElo "2434"]
[PlyCount "148"]
[EventDate "2022.09.25"]
[EventType "team-tourn"]
[EventRounds "9"]
[EventCountry "GER"]
[SourceTitle "EXT 2024"]
[Source "ChessBase"]
[SourceDate "2023.10.10"]
[SourceVersion "1"]
[SourceVersionDate "2023.10.10"]
[SourceQuality "1"]
[WhiteTeam "Emmendingen"]
[BlackTeam "Kuppenheim"]
[WhiteTeamCountry "GER"]
[BlackTeamCountry "GER"]

1. e4 c5 2. Nf3 d6 3. d4 cxd4 4. Nxd4 Nf6 5. Nc3 a6 6. Be2 e5 7. Nb3 Be7 8. 0-0 Be6 9. Be3 Nbd7 10. f4 Rc8 11. f5 Bc4 12. Nd2 Bxe2 13. Qxe2 b5 14. a4 b4 15. Nd5 Nxd5 16. exd5 Rxc2 17. Qxa6 Bg5 18. Qd3 Bxe3+ 19. Qxe3 Qb6 20. Qxb6 Nxb6 21. Ne4 Nxd5 22. Rf2 Rxf2 23. Kxf2 Ke7 24. Rd1 Nf6 25. Nxf6 gxf6 26. Rc1 Kd7 27. Rc4 Rb8 28. Rh4 d5 29. Rxh7 Ke7 30. Rh3 e4 31. Ke3 Kd6 32. Kf4 Kc5 33. Re3 Ra8 34. b3 Kd4 35. h4 Rc8 36. Re1 Rc2 37. h5 Rf2+ 38. Kg3 Rxf5 39. Rh1 e3 40. h6 e2 41. h7 Rf1 42. Rxf1 exf1Q 43. h8Q Kc3 44. Qc8+ Kxb3 45. a5 Qc4 46. Qb7 Kc2 47. a6 b3 48. a7 b2 49. a8Q b1Q 50. Qxb1+ Kxb1 51. Qb7+ Kc2 52. Qxf7 Qc3+ 53. Kf2 Qd4+ 54. Kf3 Kd2 55. g4 Qe5 56. Qb7 Qc3+ 57. Kf4 Qe3+ 58. Kf5 Qe5+ 59. Kg6 d4 60. Qb2+ Ke3 61. Qc1+ Ke4 62. Qh1+ Kf4 63. Qf1+ Kxg4 64. Qg1+ Kf3 65. Qf1+ Ke3 66. Qe1+ Kd3 67. Qd1+ Kc3 68. Qc1+ Kb3 69. Qb1+ Kc4 70. Qa2+ Kd3 71. Qb1+ Kd2 72. Qb2+ Ke3 73. Qc1+ Kf2 74. Qd2+ Kg3 0-1

[Event "GER-ch blitz"]
[Site "Magdeburg"]
[Date "2022.08.21"]
[Round "19"]
[White "Bethke, Richard"]
[Black "Ehmann, Thilo"]
[Result "1-0"]
[WhiteElo "2381"]
[BlackElo "2397"]
[PlyCount "87"]
[EventDate "2022.08.21"]
[EventType "tourn (blitz)"]
[EventRounds "29"]
[EventCountry "GER"]
[EventCategory "5"]
[SourceTitle "CBM 210 Extra"]
[Source "ChessBase"]
[SourceDate "2022.11.30"]
[SourceVersion "1"]
[SourceVersionDate "2022.11.30"]
[SourceQuality "1"]

1. e4 c5 2. Nf3 d6 3. d4 cxd4 4. Nxd4 Nf6 5. Nc3 a6 6. Be3 e5 7. Nf3 Be7 8. Bc4 0-0 9. 0-0 Be6 10. Bb3 h6 11. Nh4 Nc6 12. Ng6 Bxb3 13. Nxe7+ Qxe7 14. axb3 Nb4 15. Ra4 Nc6 16. Qd3 b5 17. Raa1 Nb4 18. Qe2 d5 19. exd5 Nbxd5 20. Rfd1 Nxc3 21. bxc3 Qc7 22. c4 bxc4 23. bxc4 Rfc8 24. Ra4 Ne4 25. Qe1 Qc6 26. Rda1 f6 27. c5 Ng5 28. Rb4 Ne6 29. Rb6 Qd5 30. c4 Qxc4 31. Rc1 Qd5 32. Rd6 Qa2 33. c6 Ng5 34. Bxg5 hxg5 35. c7 Qf7 36. Qe4 Qe7 37. Qd5+ Kh7 38. Rd7 Qa3 39. Qe4+ Kg8 40. Rcd1 Qf8 41. Qxa8 Rxa8 42. Rd8 Kf7 43. Rxf8+ Rxf8 44. Rd8 1-0

[Event "GER-ch blitz"]
[Site "Magdeburg"]
[Date "2022.08.21"]
[Round "16"]
[White "Ehmann, Thilo"]
[Black "Braun, Georg"]
[Result "1/2-1/2"]
[WhiteElo "2397"]
[BlackElo "2386"]
[PlyCount "91"]
[EventDate "2022.08.21"]
[EventType "tourn (blitz)"]
[EventRounds "29"]
[EventCountry "GER"]
[EventCategory "5"]
[SourceTitle "CBM 210 Extra"]
[Source "ChessBase"]
[SourceDate "2022.11.30"]
[SourceVersion "1"]
[SourceVersionDate "2022.11.30"]
[SourceQuality "1"]

1. e4 c6 2. d4 d5 3. Nc3 dxe4 4. Nxe4 Nf6 5. Ng3 h5 6. h3 h4 7. N3e2 Qa5+ 8. Bd2 Qb6 9. b3 e6 10. Nf3 c5 11. Be3 cxd4 12. Bxd4 Bb4+ 13. c3 Bc5 14. Bxc5 Qxc5 15. Qd4 Qxd4 16. Nexd4 Bd7 17. Ne5 Nc6 18. Nexc6 Bxc6 19. Nxc6 bxc6 20. Be2 Ke7 21. Bf3 Rac8 22. 0-0 c5 23. Rfd1 Rhd8 24. Kf1 Nd5 25. Rac1 g5 26. Ke1 Nf4 27. Rxd8 Rxd8 28. Rd1 Rxd1+ 29. Kxd1 f5 30. Kd2 e5 31. g4 e4 32. Bd1 Nxh3 33. Ke3 Kf6 34. gxf5 Kxf5 35. Bc2 Ke5 36. b4 cxb4 37. cxb4 Nf4 38. Bxe4 g4 39. b5 g3 40. fxg3 hxg3 41. Bc6 Nd5+ 42. Kf3 Nb4 43. Kxg3 Nxa2 44. Kf3 Nc3 45. Ke3 Nxb5 46. Bxb5 1/2-1/2

[Event "GER-ch blitz"]
[Site "Magdeburg"]
[Date "2022.08.21"]
[Round "20"]
[White "Ehmann, Thilo"]
[Black "Dubansky, Marcel"]
[Result "1/2-1/2"]
[WhiteElo "2397"]
[BlackElo "2225"]
[PlyCount "123"]
[EventDate "2022.08.21"]
[EventType "tourn (blitz)"]
[EventRounds "29"]
[EventCountry "GER"]
[EventCategory "5"]
[SourceTitle "CBM 210 Extra"]
[Source "ChessBase"]
[SourceDate "2022.11.30"]
[SourceVersion "1"]
[SourceVersionDate "2022.11.30"]
[SourceQuality "1"]

1. e4 e5 2. Nf3 Nc6 3. Bb5 a6 4. Ba4 Nf6 5. 0-0 Be7 6. Re1 b5 7. Bb3 d6 8. c3 0-0 9. h3 Na5 10. Bc2 c5 11. d4 Nc6 12. d5 Nb8 13. Nbd2 Nbd7 14. b3 Re8 15. Nf1 g6 16. a4 Rb8 17. axb5 axb5 18. b4 Bf8 19. Bd3 Bg7 20. Ng3 c4 21. Bc2 h6 22. Be3 Kh7 23. Qd2 Nf8 24. Nh2 g5 25. f3 Ng6 26. Ng4 Nf4 27. Nxf6+ Qxf6 28. Nf5 Kg8 29. Ra3 h5 30. Kh2 g4 31. g3 Nxh3 32. fxg4 hxg4 33. Rf1 Qg6 34. Kg2 Bf8 35. Ra7 Rb7 36. Ra6 Bxf5 37. Rxf5 Be7 38. Qe2 Kg7 39. Bd1 Ng5 40. Qxg4 Nh7 41. Qxg6+ fxg6 42. Rf1 Nf6 43. Bf3 Rd8 44. Rfa1 Rdd7 45. Kf2 Nh7 46. Ke2 Bg5 47. Bf2 Be7 48. Bg4 Rd8 49. Ra7 Rdb8 50. Rxb7 Rxb7 51. Ra8 Nf6 52. Bf3 g5 53. g4 Kf7 54. Be3 Kg6 55. Ra6 Kh6 56. Ra1 Kg6 57. Kf2 Kh6 58. Kg3 Kg6 59. Bg2 Rc7 60. Rf1 Rb7 61. Rf5 Ne8 62. Rf1 1/2-1/2